000 00564nam a22001817a 4500
999 _c188390
_d188390
005 20220520104735.0
010 _aENG-132731
020 _a978-81-92998-93-0
_c495.00
035 _aEN-116263
037 _bDBAD/PUB
082 _a618.2
100 _aManoj Kumar Singh
245 _aSri Aurobindo Ghosh:
_bLife and his phlosophy/
_cManoj Kumar Singh
260 _aNew Delhi
_bGlobal Vision Press
_c2015
270 _a110, Gali no. 4, Harphool Vihar, Baprola
_bNew Delhi
_e110043
300 _a176p.
_c22cm(hbk)
942 _2ddc
_cEN
_h181.499
_mMAN